000 00869nam a2200217 a 4500
005 20140412111247.0
008 010907s19uu xx 00 eng d
020 _a0-7922-3407-3
050 _aM 591.56
_bH57 1987
100 _aHirschland, Roger B.
245 _aHow animals care for their babies :
_bkids want to know /
_cby Roger B. Hirschland.
260 _aWashington, D.C :
_bNational Geographic Society,
_c1989.
300 _a30 p. ; ill.
440 _aBooks for young explorers
500 _aIncludes bibliographical references
520 _aDepicts different kinds of parental behavior among a variety of animals, including the trumpeter swan, mountain goat, and baboon.
650 _aParental behavior in animals-Juvenile litearture
650 _aAnimals-Infancy-Juvneile literature
650 _aNational Geographic Society (U.S.)
999 _c102988
_d102988